[Event "SLO-chT2 East"]
[Site "Slovenia"]
[Date "2015.11.07"]
[Round "7"]
[White "Keglevic, Andre"]
[Black "Krajnc, Uros"]
[Result "0-1"]
[WhiteElo "1658"]
[BlackElo "1956"]
[PlyCount "66"]
[EventDate "2015.09.05"]
[EventType "team-tourn"]
[EventRounds "9"]
[EventCountry "SLO"]
[SourceTitle "EXT 2019"]
[Source "ChessBase"]
[SourceDate "2018.10.10"]
[SourceVersion "1"]
[SourceVersionDate "2018.10.10"]
[SourceQuality "1"]
[WhiteTeam "Gornja Radgona"]
[BlackTeam "Maribor Gambit"]
[WhiteTeamCountry "SLO"]
[BlackTeamCountry "SLO"]

1. d4 Nf6 2. Nf3 d6 3. c4 Nbd7 4. Nc3 e5 5. dxe5 dxe5 6. Bg5 Be7 7. e4 0-0 8. Bd3 c6 9. 0-0 Nh5 10. Be3 Re8 11. Bc2 Qc7 12. Nh4 Ndf6 13. Nf5 Bxf5 14. exf5 Rad8 15. Qf3 b5 16. cxb5 cxb5 17. Bb3 b4 18. Nb5 Qb8 19. Nxa7 e4 20. Qe2 Nf4 21. Bxf4 Qxf4 22. Rad1 Bd6 23. g3 Qxf5 24. Nc6 Rd7 25. Nd4 Qh3 26. Ba4 Rde7 27. f3 exf3 28. Qxf3 Ng4 29. Rd2 Rf8 30. Nf5 Bc5+ 31. Kh1 Re5 32. Re2 Rxe2 33. Qxe2 Nxh2 0-1

[Event "SLO-chT2 East"]
[Site "Slovenia"]
[Date "2015.09.19"]
[Round "3"]
[White "Lipovsek, Miran"]
[Black "Krajnc, Uros"]
[Result "1-0"]
[WhiteElo "1901"]
[BlackElo "1956"]
[PlyCount "53"]
[EventDate "2015.09.05"]
[EventType "team-tourn"]
[EventRounds "9"]
[EventCountry "SLO"]
[SourceTitle "EXT 2019"]
[Source "ChessBase"]
[SourceDate "2018.10.10"]
[SourceVersion "1"]
[SourceVersionDate "2018.10.10"]
[SourceQuality "1"]
[WhiteTeam "Fram"]
[BlackTeam "Maribor Gambit"]
[WhiteTeamCountry "SLO"]
[BlackTeamCountry "SLO"]

1. e4 d6 2. d4 Nf6 3. Bd3 e5 4. c3 Be7 5. Ne2 Nbd7 6. 0-0 c6 7. Nd2 d5 8. f4 exd4 9. e5 Ng4 10. e6 fxe6 11. Nxd4 Ndf6 12. Qe2 Qb6 13. Kh1 0-0 14. h3 c5 15. hxg4 cxd4 16. c4 e5 17. g5 Ng4 18. cxd5 Ne3 19. Nc4 Nxf1 20. Qxe5 Ng3+ 21. Kh2 Qc5 22. Kxg3 b5 23. b4 Qxb4 24. d6 Bd8 25. Bd2 Qa4 26. Rh1 h6 27. Qd5+ 1-0

[Event "SLO-chT2 East"]
[Site "Slovenia"]
[Date "2014.11.15"]
[Round "8"]
[White "Krajnc, Uros"]
[Black "Suta, Tomaz"]
[Result "1/2-1/2"]
[WhiteElo "2124"]
[BlackElo "1491"]
[PlyCount "70"]
[EventDate "2014.09.13"]
[EventType "team-tourn"]
[EventRounds "9"]
[EventCountry "SLO"]
[SourceTitle "EXT 2019"]
[Source "ChessBase"]
[SourceDate "2018.10.10"]
[SourceVersion "1"]
[SourceVersionDate "2018.10.10"]
[SourceQuality "1"]
[WhiteTeam "Maribor Gambit"]
[BlackTeam "Ptuj II"]
[WhiteTeamCountry "SLO"]
[BlackTeamCountry "SLO"]

1. Nf3 Nf6 2. c4 g6 3. g3 Bg7 4. Bg2 0-0 5. 0-0 d6 6. Nc3 e5 7. d4 Nc6 8. d5 Ne7 9. e4 Ne8 10. Be3 f5 11. Qc1 Nf6 12. Ne1 Nh5 13. Bh6 f4 14. Bxg7 Kxg7 15. Bf3 Kh8 16. g4 Nf6 17. h3 h5 18. g5 Bxh3 19. gxf6 Rxf6 20. Ng2 Qd7 21. Kh2 g5 22. Rh1 g4 23. Bd1 Rg8 24. Kg1 f3 25. Nh4 g3 26. Bxf3 gxf2+ 27. Kxf2 Qg4 28. Rxh3 Qxh3 29. Qh1 Qg3+ 30. Ke2 Rf4 31. Nf5 Nxf5 32. Qxh5+ Kg7 33. exf5 Rh8 34. Qg6+ Qxg6 35. fxg6 Kxg6 1/2-1/2

[Event "SLO-chT2 East"]
[Site "Slovenia"]
[Date "2014.10.11"]
[Round "5"]
[White "Krajnc, Uros"]
[Black "Papez, Viktor"]
[Result "0-1"]
[WhiteElo "2124"]
[BlackElo "1800"]
[PlyCount "56"]
[EventDate "2014.09.13"]
[EventType "team-tourn"]
[EventRounds "9"]
[EventCountry "SLO"]
[SourceTitle "EXT 2019"]
[Source "ChessBase"]
[SourceDate "2018.10.10"]
[SourceVersion "1"]
[SourceVersionDate "2018.10.10"]
[SourceQuality "1"]
[WhiteTeam "Maribor Gambit"]
[BlackTeam "Zagorje ob Savi"]
[WhiteTeamCountry "SLO"]
[BlackTeamCountry "SLO"]

1. Nf3 d5 2. b3 Nf6 3. Bb2 Bg4 4. e3 Nbd7 5. Be2 e6 6. h3 Bh5 7. c4 c6 8. 0-0 Bd6 9. Nc3 h6 10. cxd5 exd5 11. Rc1 Qe7 12. Nh4 Bg6 13. Nxg6 fxg6 14. Qc2 Qf7 15. d3 Nf8 16. e4 d4 17. Na4 Ne6 18. Rfe1 0-0 19. Bf1 Nd7 20. Ba1 c5 21. a3 b5 22. Nb2 Ng5 23. Re2 Ne5 24. Nd1 Nxh3+ 25. Kh1 Ng5 26. b4 Rac8 27. Qb1 Qf4 28. bxc5 Qh4+ 0-1

[Event "SLO-chT2 East"]
[Site "Slovenia"]
[Date "2014.09.27"]
[Round "2"]
[White "Kovac, Mihec"]
[Black "Krajnc, Uros"]
[Result "1-0"]
[WhiteElo "1824"]
[BlackElo "2124"]
[PlyCount "68"]
[EventDate "2014.09.13"]
[EventType "team-tourn"]
[EventRounds "9"]
[EventCountry "SLO"]
[SourceTitle "EXT 2019"]
[Source "ChessBase"]
[SourceDate "2018.10.10"]
[SourceVersion "1"]
[SourceVersionDate "2018.10.10"]
[SourceQuality "1"]
[WhiteTeam "Dravograd"]
[BlackTeam "Maribor Gambit"]
[WhiteTeamCountry "SLO"]
[BlackTeamCountry "SLO"]

1. e4 d6 2. d4 Nf6 3. Nc3 Nbd7 4. Nf3 e5 5. dxe5 dxe5 6. a3 Be7 7. h3 c6 8. Be3 Qc7 9. Bd3 Nc5 10. Qe2 Nxd3+ 11. Qxd3 b5 12. 0-0 0-0 13. Rfd1 Re8 14. Bg5 Be6 15. Bxf6 Bxf6 16. Qd6 Rac8 17. Qxc7 Rxc7 18. Rd2 a5 19. a4 b4 20. Ne2 c5 21. Rad1 c4 22. c3 b3 23. Rd6 Ra8 24. Nxe5 g6 25. Nf3 Be7 26. R6d2 Re8 27. Nf4 Bc5 28. Nxe6 Rxe6 29. e5 h6 30. Rd7 Rcc6 31. R1d5 Kg7 32. Kf1 Rc8 33. Nd2 Bb6 34. R7d6 Rc6 1-0

[Event "Ptuj op"]
[Site "Ptuj"]
[Date "2014.08.18"]
[Round "5"]
[White "Hocevar, Nikola"]
[Black "Krajnc, Uros"]
[Result "1-0"]
[WhiteElo "2009"]
[BlackElo "2124"]
[PlyCount "61"]
[EventDate "2014.08.15"]
[EventType "swiss"]
[EventRounds "9"]
[EventCountry "SLO"]
[SourceTitle "CBM 161 Extra"]
[Source "ChessBase"]
[SourceDate "2014.08.29"]
[SourceVersion "1"]
[SourceVersionDate "2014.08.29"]
[SourceQuality "1"]

1. d4 Nf6 2. Nf3 d6 3. g3 g6 4. Bg2 Bg7 5. 0-0 0-0 6. h3 Nbd7 7. Nc3 e5 8. e4 Ne8 9. dxe5 dxe5 10. Be3 Nd6 11. Qe2 a6 12. Rad1 b5 13. a3 Bb7 14. Bg5 f6 15. Bc1 Rf7 16. Ne1 f5 17. exf5 gxf5 18. Bxb7 Nxb7 19. Nf3 h6 20. Nd5 c6 21. Nb4 Qf6 22. c4 Nbc5 23. cxb5 axb5 24. Qc2 Rc8 25. Nd2 Qe6 26. Nd3 Bf8 27. Nxc5 Nxc5 28. b4 Nd7 29. Qb3 Qg6 30. Nf3 f4 31. Rxd7 1-0

[Event "Ptuj op"]
[Site "Ptuj"]
[Date "2014.08.17"]
[Round "4"]
[White "Krajnc, Uros"]
[Black "Brinovec, Dusan"]
[Result "0-1"]
[WhiteElo "2124"]
[BlackElo "2214"]
[PlyCount "105"]
[EventDate "2014.08.15"]
[EventType "swiss"]
[EventRounds "9"]
[EventCountry "SLO"]
[SourceTitle "CBM 161 Extra"]
[Source "ChessBase"]
[SourceDate "2014.08.29"]
[SourceVersion "1"]
[SourceVersionDate "2014.08.29"]
[SourceQuality "1"]

1. Nf3 Nf6 2. c4 e6 3. g3 b6 4. Bg2 Bb7 5. b3 c5 6. Bb2 Be7 7. 0-0 0-0 8. Nc3 d6 9. e3 Nbd7 10. d4 Ne4 11. Rc1 cxd4 12. exd4 Nxc3 13. Bxc3 Qc7 14. Qe2 Bf6 15. Rfd1 Rac8 16. Bh3 Rfe8 17. Rd3 d5 18. Bb2 Qb8 19. Ne5 Nxe5 20. dxe5 dxc4 21. Rd7 Be7 22. Rxc4 Bc6 23. Rd2 Bd5 24. Rxc8 Rxc8 25. Rxd5 exd5 26. Bxc8 Qxc8 27. Qd3 Qc6 28. Bd4 h5 29. h4 g6 30. Qc3 Qxc3 31. Bxc3 Kf8 32. Kf1 Ke8 33. Ke2 Kd7 34. Kd3 Bc5 35. Bd4 Ke6 36. f3 Bb4 37. Ke2 Be7 38. Kd3 Bd8 39. Ke3 Kf5 40. a4 Bc7 41. f4 Kg4 42. Kf2 a6 43. b4 b5 44. axb5 axb5 45. Bc5 Bd8 46. Bd4 Be7 47. Bc5 Bxc5+ 48. bxc5 Kf5 49. Ke3 b4 50. Kd3 Ke6 51. Kc2 d4 52. c6 Ke7 53. Kb3 0-1

[Event "SLO-chT2 East"]
[Site "Brezice Maribor"]
[Date "2008.06.07"]
[Round "4"]
[White "Vohl, Gregor"]
[Black "Krajnc, Uros"]
[Result "1/2-1/2"]
[WhiteElo "1706"]
[BlackElo "2124"]
[PlyCount "53"]
[EventDate "2008.10.24"]
[EventType "team-tourn"]
[EventRounds "9"]
[EventCountry "SLO"]
[SourceTitle "EXT 2010"]
[Source "ChessBase"]
[SourceDate "2010.11.25"]
[SourceVersion "1"]
[SourceVersionDate "2010.11.25"]
[SourceQuality "1"]

1. e4 d6 2. d4 Nf6 3. Nc3 Nbd7 4. Nf3 e5 5. Bc4 Be7 6. dxe5 Nxe5 7. Nxe5 dxe5 8. Qe2 c6 9. a4 b6 10. 0-0 0-0 11. h3 h6 12. f4 Nd7 13. Be3 Bb7 14. Rad1 Qc7 15. Qh5 Rad8 16. Rxd7 Qxd7 17. fxe5 Bc5 18. Bxc5 bxc5 19. Ne2 Bc8 20. b3 Qe7 21. Nf4 Be6 22. Nxe6 fxe6 23. Rxf8+ Rxf8 24. Qg6 Re8 25. Qg4 Qf7 26. Qd1 Qf4 27. Qd7 1/2-1/2

[Event "SLO-chT2 East"]
[Site "Brezice Maribor"]
[Date "2008.06.07"]
[Round "3"]
[White "Zupevc, Saso"]
[Black "Krajnc, Uros"]
[Result "1-0"]
[WhiteElo "1882"]
[BlackElo "2124"]
[PlyCount "49"]
[EventDate "2008.10.24"]
[EventType "team-tourn"]
[EventRounds "9"]
[EventCountry "SLO"]
[SourceTitle "EXT 2010"]
[Source "ChessBase"]
[SourceDate "2010.11.25"]
[SourceVersion "1"]
[SourceVersionDate "2010.11.25"]
[SourceQuality "1"]

1. e4 d6 2. d4 Nf6 3. Nc3 Nbd7 4. Be3 e5 5. Nf3 Be7 6. dxe5 dxe5 7. Bd3 c6 8. h3 0-0 9. Qe2 Qc7 10. g4 Nc5 11. g5 Nfd7 12. Nh4 Nxd3+ 13. cxd3 Re8 14. Nf5 Bc5 15. h4 Bxe3 16. Qxe3 Nf8 17. h5 b5 18. Rc1 Be6 19. Nxb5 Qa5+ 20. Nc3 Rab8 21. b3 Rbd8 22. h6 g6 23. Ng7 Re7 24. Qf3 Rd6 25. Qf6 1-0

[Event "Portoroz op"]
[Site "Portoroz"]
[Date "2004.04.24"]
[Round "2"]
[White "Krajnc, Uros"]
[Black "Tratar, Marko"]
[Result "0-1"]
[WhiteElo "2175"]
[BlackElo "2452"]
[PlyCount "72"]
[EventDate "2004.04.??"]
[EventType "swiss"]
[EventRounds "9"]
[EventCountry "SLO"]
[SourceTitle "CBM 100 Extra"]
[Source "ChessBase"]
[SourceDate "2004.07.06"]
[SourceVersion "2"]
[SourceVersionDate "2004.07.06"]
[SourceQuality "1"]

1. Nf3 g6 2. g3 Bg7 3. Bg2 d6 4. d4 Nd7 5. 0-0 e5 6. c4 Ne7 7. Nc3 0-0 8. Rb1 h6 9. dxe5 dxe5 10. Qc2 f5 11. e4 c6 12. Ne1 Nc5 13. Be3 Ne6 14. f3 f4 15. Bf2 h5 16. Ne2 g5 17. g4 hxg4 18. fxg4 c5 19. Nf3 Nc6 20. h3 Ned4 21. Nexd4 cxd4 22. b4 Be6 23. Qd3 Bf6 24. Rfe1 Rf7 25. a3 Rc7 26. Nd2 a5 27. b5 Nb8 28. c5 Be7 29. c6 bxc6 30. Nc4 Nd7 31. Bf1 cxb5 32. Rxb5 Rac8 33. Rd5 Qe8 34. Nd6 Bxd6 35. Rxd6 Rc1 36. Qa6 Nf8 0-1